<?xml version="1.0" encoding="UTF-8"?>
<collection xmlns="http://www.loc.gov/MARC21/slim">
  <record>
    <leader>00000nam  2200000   4500</leader>
    <controlfield tag="001">INLIS000000000015155</controlfield>
    <datafield tag="990" ind1="#" ind2="#">
      <subfield code="a">220919790</subfield>
    </datafield>
    <controlfield tag="005">20221110102338</controlfield>
    <datafield tag="990" ind1="#" ind2="#">
      <subfield code="a">220919791</subfield>
    </datafield>
    <datafield tag="035" ind1="#" ind2="#">
      <subfield code="a">0010-1122000388</subfield>
    </datafield>
    <controlfield tag="007">ta</controlfield>
    <controlfield tag="008">221110################e##########0#ind##</controlfield>
    <datafield tag="020" ind1="#" ind2="#">
      <subfield code="a">978-623-218-279-0</subfield>
    </datafield>
    <datafield tag="082" ind1="#" ind2="#">
      <subfield code="a">352.14</subfield>
    </datafield>
    <datafield tag="084" ind1="#" ind2="#">
      <subfield code="a">352.14 SYA d</subfield>
    </datafield>
    <datafield tag="100" ind1="1" ind2="#">
      <subfield code="a">Syadzily Ace Hasan</subfield>
    </datafield>
    <datafield tag="245" ind1="1" ind2="#">
      <subfield code="a">Desentralisasi Otonomi Dan Pemekaran Daerah di Indonesia /</subfield>
      <subfield code="c">Ace Hasan Syadzily</subfield>
    </datafield>
    <datafield tag="250" ind1="#" ind2="#">
      <subfield code="a">1</subfield>
    </datafield>
    <datafield tag="260" ind1="#" ind2="#">
      <subfield code="a">2019 :</subfield>
      <subfield code="b">Prenadamedia Group,</subfield>
      <subfield code="c">2019</subfield>
    </datafield>
    <datafield tag="300" ind1="#" ind2="#">
      <subfield code="a">222 :</subfield>
      <subfield code="b">ilus ;</subfield>
      <subfield code="c">22x15x1.5</subfield>
    </datafield>
    <datafield tag="600" ind1=" " ind2="4">
      <subfield code="a">Otonomi</subfield>
    </datafield>
    <datafield tag="856" ind1="#" ind2="#">
      <subfield code="a">Perpustakaan LAN Pusat</subfield>
    </datafield>
  </record>
</collection>
